Đánh giá hiệu quả của canxi oxit và silic dioxit trong phòng trừ bệnh cháy lá do vi khuẩn Xanthomonas sp. trên cây hành lá ở điều kiện nhà lưới và ngoài đồng : Luận văn tốt nghiệp Cao học. Chuyên ngành Bảo vệ thực vật

Nghiên cứu nhằm đánh giá nồng độ xử lý cho hiệu quả cao nhất trong phòng trừ bệnh cháy lá trên cây hành đồng thời khảo sát hoạt tính enzyme phenylalanine ammonia lyase có liên quan đến khả năng kích thích tính kháng của canxi oxit và silic dioxit đố...

Volledige beschrijving

Bewaard in:
Bibliografische gegevens
Hoofdauteur: Tạ, Duy Hùng
Formaat: Boek
Taal:Undetermined
Gepubliceerd in: Cần Thơ Trường Đại học Cần Thơ 2019
Onderwerpen:
Tags: Voeg label toe
Geen labels, Wees de eerste die dit record labelt!
Thư viện lưu trữ: Trung tâm Học liệu Trường Đại học Cần Thơ
LEADER 01366nam a2200217Ia 4500
001 CTU_231761
008 210402s9999 xx 000 0 und d
082 |a 632.8 
082 |b H513 
088 |a 8620112 
100 |a Tạ, Duy Hùng 
245 0 |a Đánh giá hiệu quả của canxi oxit và silic dioxit trong phòng trừ bệnh cháy lá do vi khuẩn Xanthomonas sp. trên cây hành lá ở điều kiện nhà lưới và ngoài đồng : 
245 0 |b Luận văn tốt nghiệp Cao học. Chuyên ngành Bảo vệ thực vật 
245 0 |c Tạ Duy Hùng ; Nguyễn Thị Thu Nga (Cán bộ hướng dẫn) 
260 |a Cần Thơ 
260 |b Trường Đại học Cần Thơ 
260 |c 2019 
520 |a Nghiên cứu nhằm đánh giá nồng độ xử lý cho hiệu quả cao nhất trong phòng trừ bệnh cháy lá trên cây hành đồng thời khảo sát hoạt tính enzyme phenylalanine ammonia lyase có liên quan đến khả năng kích thích tính kháng của canxi oxit và silic dioxit đối với bệnh cháy lá do vi khuẩn Xanthomonas sp. 
650 |a Plants, protection of,Bảo vệ thực vật 
910 |b nthai 
980 |a Trung tâm Học liệu Trường Đại học Cần Thơ